La conquista de mercados (Record no. 141525)

MARC details
000 -LEADER
campo de control de longitud fija 00694nam a2200205 i 4500
001 - NÚMERO DE CONTROL
campo de control 141525
003 - IDENTIFICADOR DE NÚMERO DE CONTROL
campo de control ES-MaACL
005 - FECHA Y HORA DE LA ÚLTIMA TRANSACCIÓN
campo de control 20230906200319.0
007 - CAMPO FIJO DE DESCRIPCIÓN FÍSICA--INFORMACIÓN GENERAL
campo de control de longitud fija t|
008 - DATOS DE LONGITUD FIJA--INFORMACIÓN GENERAL
campo de control de longitud fija 070925s1961 sp ||||1| spa d
080 ## - NÚMERO DE LA CLASIFICACIÓN DECIMAL UNIVERSAL
Número de la Clasificación Decimal Universal 658.8(04)
080 ## - NÚMERO DE LA CLASIFICACIÓN DECIMAL UNIVERSAL
Número de la Clasificación Decimal Universal 380.13
100 1# - ENTRADA PRINCIPAL--NOMBRE DE PERSONA
Nombre de persona Villegas Muñecas, Eduardo.
9 (RLIN) 115225
245 13 - MENCIÓN DEL TÍTULO
Título La conquista de mercados
Resto del título : métodos modernos para el estudio e investigación de mercados : promoción y expansión de ventas /
Mención de responsabilidad, etc. Eduardo Villegas Muñecas.
260 ## - PUBLICACIÓN, DISTRIBUCIÓN, ETC.
Lugar de publicación, distribución, etc. [Zaragoza :
Nombre del editor, distribuidor, etc. s.n.,
Fecha de publicación, distribución, etc. 1961] (
Fabricante Imp. Heraldo de Aragón)
300 ## - DESCRIPCIÓN FÍSICA
Extensión 115 p. ;
Dimensiones 18 cm.
650 14 - PUNTO DE ACCESO ADICIONAL DE MATERIA--TÉRMINO DE MATERIA
Término de materia o nombre geográfico como elemento de entrada Análisis de mercado.
9 (RLIN) 9762
650 14 - PUNTO DE ACCESO ADICIONAL DE MATERIA--TÉRMINO DE MATERIA
Término de materia o nombre geográfico como elemento de entrada Venta.
9 (RLIN) 17760
852 ## - LOCALIZACIÓN
Ubicación ES-MaACL
Número de control de estantería C-19806
Sublocalización o colección R.47117
Holdings
Estatus retirado Estado de pérdida Estado de daño No para préstamo Biblioteca de origen Biblioteca actual Ubicación en estantería Fecha de adquisición Fuente de adquisición Total de préstamos Signatura topográfica completa Código de barras Visto por última vez Precio de reemplazo Tipo de ítem Koha
        Biblioteca del Ateneo de Madrid Biblioteca del Ateneo de Madrid Galería 17/01/2008     C-19806 1147261 23/02/2023 23/02/2023 Libro impreso